Compact Handbook of College Composition / (Record no. 1729)
[ view plain ]
| 000 -LEADER | |
|---|---|
| fixed length control field | 00829cam a22002411 4500 |
| 003 - CONTROL NUMBER IDENTIFIER | |
| control field | OSt |
| 005 - DATE AND TIME OF LATEST TRANSACTION | |
| control field | 20200921101611.0 |
| 008 - FIXED-LENGTH DATA ELEMENTS--GENERAL INFORMATION | |
| fixed length control field | 861229s1972 mau b 000 0 eng |
| 020 ## - INTERNATIONAL STANDARD BOOK NUMBER | |
| International Standard Book Number | 0669811335 |
| 040 ## - CATALOGING SOURCE | |
| Original cataloging agency | DLC |
| Transcribing agency | KABLIB |
| Modifying agency | KABLIB |
| 082 00 - DEWEY DECIMAL CLASSIFICATION NUMBER | |
| Classification number | 428.2 |
| Edition number | 23 |
| Item number | BRE |
| 100 1# - MAIN ENTRY--PERSONAL NAME | |
| Personal name | Brennan, Maynard J. |
| Fuller form of name | (Maynard James), |
| Dates associated with a name | 1921- |
| 9 (RLIN) | 4953 |
| 245 10 - TITLE STATEMENT | |
| Title | Compact Handbook of College Composition / |
| Statement of responsibility, etc. | Maynard J. Brennan. |
| 250 ## - EDITION STATEMENT | |
| Edition statement | 2d ed. |
| 260 ## - PUBLICATION, DISTRIBUTION, ETC. | |
| Place of publication, distribution, etc. | Lexington, Mass., |
| Name of publisher, distributor, etc. | Heath & Co., |
| Date of publication, distribution, etc. | [1972]. |
| 300 ## - PHYSICAL DESCRIPTION | |
| Extent | ix, 158 p. |
| Dimensions | 21 cm. |
| 500 ## - GENERAL NOTE | |
| General note | Includes index. |
| 504 ## - BIBLIOGRAPHY, ETC. NOTE | |
| Bibliography, etc. note | Includes bibliographical references. |
| 650 #0 - SUBJECT ADDED ENTRY--TOPICAL TERM | |
| Topical term or geographic name entry element | English language |
| General subdivision | Rhetoric |
| -- | Handbooks, manuals, etc. |
| 9 (RLIN) | 4954 |
| 650 #0 - SUBJECT ADDED ENTRY--TOPICAL TERM | |
| Topical term or geographic name entry element | English language |
| General subdivision | Grammar |
| -- | Handbooks, manuals, etc. |
| 9 (RLIN) | 4955 |
| 650 #0 - SUBJECT ADDED ENTRY--TOPICAL TERM | |
| Topical term or geographic name entry element | Report writing |
| General subdivision | Handbooks, manuals, etc. |
| 9 (RLIN) | 4956 |
| 942 ## - ADDED ENTRY ELEMENTS (KOHA) | |
| Source of classification or shelving scheme | Dewey Decimal Classification |
| Koha item type | Book |
| Withdrawn status | Lost status | Source of classification or shelving scheme | Damaged status | Not for loan | Home library | Current library | Shelving location | Date acquired | Total Checkouts | Full call number | Barcode | Date last seen | Price effective from | Koha item type |
|---|---|---|---|---|---|---|---|---|---|---|---|---|---|---|
| Dewey Decimal Classification | Education Library | Education Library | Reserve Section | 21.09.2020 | 428.2 BRE | 1424 | 21.09.2020 | 21.09.2020 | Book | |||||
| Dewey Decimal Classification | Education Library | Education Library | Open Access Section | 29.09.2020 | 428.2 BRE | 1171 | 29.09.2020 | 29.09.2020 | Book |